| 000 | 00513nam a2200181Ia 4500 | ||
|---|---|---|---|
| 008 | 131103s9999 xx 000 0 und d | ||
| 040 | _aLoreto College | ||
| 041 | _aEnglish | ||
| 082 |
_aF/REA _bLCBED/8222 |
||
| 245 |
_aAnthology of mystery and suspense _cEdited by Reader Digest |
||
| 260 |
_aLondon _bThe Reader Digest association _c1961 |
||
| 300 |
_a622p. _c 22cm. |
||
| 650 | _aEnglish fiction | ||
| 651 | _aEnglish literature | ||
| 700 | _aDigest, Reader; ed. | ||
| 850 | _aLCBED/F/REA | ||
| 942 | _cBK | ||
| 999 |
_c33266 _d83745 |
||